00676nam a2200217Ia 450000500170000000800410001702000180005804000180007604100080009408200190010210000230012124501040014425000120024826000340026030000300029465000270032465000250035165000270037665000280040370000270043120260117105122.0210716s2011 xx 000 0 und d a9788131731628 cAIMIT LIBRARY aeng a651.724bOROJ aO'rourke, James S. aManagement communication :bcase analysis approach /cBy James S. O'Rourke and Jaba Mukherjee Gupta a4th ed. aNew Delhi :bPearson ,c2011. axvii, 417p.c23.2 cm.bPB aBusiness Communication aCommunication Ethics aListening and Feedback aNonverbal Communication aGupta, Jaba Mukherjee.